000 00679nam a2200289Ia 4500
005 20260324115153.0
008 008 260324s9999 xx 000 0 eng d
020 _a9780203710838
037 _aEBOOK
040 _aCRL
040 _beng
040 _cCRL
041 _2eng
041 _aeng
084 _qCRL
100 _aOna Ekhomu
_91153630
245 0 _aBoko Haram
245 0 _bSecurity Considerations and the Rise of an Insurgency
260 _bTaylor and Francis
260 _c2019
365 _a
365 _b195
856 _uhttp://www.taylorfrancis.com/books/9780203710838
942 _cEBOOK
999 _c1744315
_d1744315